| 000 | 00835 a2200229 4500 | ||
|---|---|---|---|
| 008 | 100602t xxu||||| |||| 00| 0 eng d | ||
| 010 | _aENG-103392 | ||
| 020 |
_c175.00 _a9788189833244 |
||
| 035 | _aEN-86925 | ||
| 037 | _bDBAD / PUB | ||
| 040 |
_aDPL _bEng |
||
| 082 | _a337 | ||
| 100 |
_aSamir Amin _932320 |
||
| 245 |
_aEmpire of chaos / _cby Samir Amin ; translated by W.H. Locke Anderson |
||
| 260 |
_aDelhi _bAakar Books _c2007 |
||
| 270 |
_a28E Pocket 4, Mayur Vihar Phase 1, _bDelhi _e110091 _k011-22795505 _l011-22795641 _maakarbooks@gmail. |
||
| 300 |
_a120p. _c24cm (pbk ) |
||
| 700 |
_932354 _aAnderson, W.H. Locke |
||
| 710 | _932355 | ||
| 942 |
_adpl _cEN _2ddc _mSAM _h337 |
||
| 999 |
_c55251 _d55251 |
||